Władcy Polski (845 - 1831) - Statystyki

Ogólne statystyki
  • Ten quiz został rozwiązany 257 razy
    251 od ostatniego zresetowania
  • Średni wynik to 45 z 77
Statystyki odpowiedzi
Hint Odpowiedź % Poprawnych
960 - 992 Mieszko I
97%
1025 - 1031 Mieszko II Lambert
93%
1032 - 1034 Mieszko II Lambert
93%
992 - 1025 Bolesław I Chrobry
92%
1333 - 1370 Kazimierz III Wielki
81%
1384 - 1399 Jadwiga I Andegaweńśka
80%
1039 - 1058 Kazimierz I Odnowiciel
80%
1674 - 1696 Jan III Sobieski
79%
1386 - 1434 Władysław II Jagiełło
79%
1576 - 1586 Stefan Batory
78%
1764 - 1795 Stanisław II August Poniatowski
77%
1289 Władysław I Łokietek
77%
1306 - 1333 Władysław I Łokietek
77%
1031 - 1032 Bezprym
76%
1102 - 1138 Bolesław III Krzywousty
76%
845 - 900 Siemowit
76%
1058 - 1079 Bolesław II Śmiały
75%
1573 - 1575 Henryk III Walezy
74%
1291 - 1305 Wacław II
74%
1506 - 1548 Zygmunt I Stary
73%
1290 - 1291 Przemysł II
72%
1295 - 1296 Przemysł II
72%
1587 - 1632 Zygmunt III Waza
72%
1733 - 1763 August III Sas
70%
1669 - 1673 Michał Korybut Wiśniowiecki
70%
1704 - 1709 Stanisław I Leszczyński
70%
1733 - 1736 Stanisław I Leszczyński
70%
1434 - 1444 Władysław III Warneńczyk
70%
1696 - 1704 August II Mocny
69%
1709 - 1733 August II Mocny
69%
1492 - 1501 Jan I Olbracht
67%
1370 - 1382 Ludwik I Węgierski
67%
1548 - 1572 Zygmunt II August
67%
1447 - 1492 Kazimierz IV Jagiellończyk
66%
1079 - 1102 Władysław I Herman
66%
935 - 960 Siemomysł
65%
1575 - 1586 Anna Jagiellonka
63%
1648 - 1668 Jan II Kazimierz Waza
63%
1305 - 1306 Wacław III
63%
900 - 935 Lestek
62%
1632 - 1648 Władysław IV Waza
62%
1173 - 1177 Mieszko III Stary
58%
1191 Mieszko III Stary
58%
1198 - 1199 Mieszko III Stary
58%
1199 - 1202 Mieszko III Stary
58%
1501 - 1506 Aleksander I Jagiellończyk
57%
1102 - 1107 Zbigniew
57%
1194 - 1198 Leszek I Biały
56%
1199 Leszek I Biały
56%
1206 - 1210 Leszek I Biały
56%
1211 - 1225 Leszek I Biały
56%
1225 - 1227 Leszek I Biały
56%
1279 - 1288 Leszek II Czarny
52%
1138 - 1146 Władysław II Wygnaniec
52%
1229 - 1232 Konrad I Mazowiecki
47%
1241 - 1243 Konrad I Mazowiecki
47%
1825 - 1831 Mikołaj I Romanow
47%
1146 - 1173 Bolesław IV Kędzierzawy
45%
1177 - 1191 Kazimierz II Sprawiedliwy
43%
1191 - 1194 Kazimierz II Sprawiedliwy
43%
1815 - 1825 Aleksander I Romanow
42%
1238 - 1241 Henryk II Pobożny
40%
1225 Henryk I Brodaty
36%
1232 - 1238 Henryk I Brodaty
36%
1202 - 1206 Władysław III Laskonogi
31%
1228 - 1229 Władysław III Laskonogi
31%
1243 - 1279 Bolesław V Wstydliwy
29%
1288 - 1289 Henryk IV Prawy
29%
1289 - 1290 Henryk IV Prawy
29%
1210 - 1211 Mieszko IV Plątonogi
28%
1807 - 1815 Fryderyk August I
26%
1034 - 1038 Bolesław Zapomniany
25%
1032 - 1033 Otto Bolesławowic
25%
1241 Bolesław II Rogatka
22%
1032 - 1033 Dytryk
17%
1288 Bolesław II Płocki
11%
1289 Bolesław II Płocki
11%
Nie znaleziono quizów pasujących do podanych kryteriów
Rozkład punktacji
Procent ludzi z każdym wynikiem
Percentyl według liczby udzielonych odpowiedzi
Twoja historia wyników
Nie rozwiązałeś tego quizu od ostatniego zresetowania